| 000 | 00381nam a2200133Ia 4500 | ||
|---|---|---|---|
| 008 | 220216s9999 xx 000 0 und d | ||
| 100 | _aGrosch K A | ||
| 245 | 4 | _aThe Rolling resistance, wear and traction properties of tread compounds | |
| 260 |
_bRubber chemistry and Technology _c1996 |
||
| 300 | _a495-568 | ||
| 650 | _a1996 reviews | ||
| 650 | _aTread compounds | ||
| 942 | _cJS | ||
| 999 |
_c71002 _d71002 |
||